000
00252nam a2200085Ia 4500
245
0
_a
Building capacity for sustainable living
100
_a
Raath, S. P. Centurion [South Africa], 2006
942
_c
BK
008
210817s9999 xx 000 0 und d
999
_c
267721
_d
267720